Catálogo

Vista normal Vista MARC

Entrada Personal Name

Número de registros utilizados en: 1

001 - CONTROL NUMBER

  • control field: 16704

003 - CONTROL NUMBER IDENTIFIER

  • control field: DLC

005 - DATE AND TIME OF LATEST TRANSACTION

  • control field: 20250205100803.0

008 - FIXED-LENGTH DATA ELEMENTS

  • fixed length control field: 900116n| azannaabn |a aaa c

010 ## - LIBRARY OF CONGRESS CONTROL NUMBER

  • LC control number: n 88180152

035 ## - SYSTEM CONTROL NUMBER

  • System control number: (OCoLC)oca02668013

040 ## - CATALOGING SOURCE

  • Original cataloging agency: FU
  • Language of cataloging: spa
  • Description conventions: rda
  • Transcribing agency: Mx-PuUPA
  • Modifying agency: DLC
  • Modifying agency: OCoLC
  • Modifying agency: UPB
  • Modifying agency: DLC
  • Modifying agency: Mx-PuUPA

046 ## - SPECIAL CODED DATES

  • Birth date: 1939
  • Death date: 20170612
  • Source of date scheme: edtf

100 1# - HEADING--PERSONAL NAME

  • Personal name: Martínez Heredia, Fernando,
  • Dates associated with a name: 1939-2017

370 ## - ASSOCIATED PLACE

  • Place of birth: Cuba
  • Source of term: naf

372 ## - FIELD OF ACTIVITY

  • Field of activity: Filosofía
  • Source of term: lcsh

374 ## - OCCUPATION

  • Occupation: Autor
  • Occupation: Ensayista
  • Occupation: Profesor de filosofía
  • Source of term: lcsh

375 ## - GENDER

  • Gender: hombre

377 ## - ASSOCIATED LANGUAGE

  • Language code: spa

400 1# - SEE FROM TRACING--PERSONAL NAME

  • Personal name: Heredia, Fernando Martínez

400 1# - SEE FROM TRACING--PERSONAL NAME

  • Personal name: Martínez, Fernando,
  • Dates associated with a name: 1939-2017

670 ## - SOURCE DATA FOUND

  • Source citation: His Desafíos del socialismo cubano, 1988:
  • Information found: t.p. (Fernando Martínez Heredia) p. 4 of cover (profesor universitario de filosofía)

670 ## - SOURCE DATA FOUND

  • Source citation: His Ché, el socialismo y el comunismo, 1989:
  • Information found: t.p. (Fernando Martínez Heredia) back flap (b. 1939, Cuba)

670 ## - SOURCE DATA FOUND

  • Source citation: Incendiar el océano, 2020:
  • Information found: p. 4 of cover (Fernando Martínez Heredia; director of the journal Pensamiento crítico) p. 133, etc. (Fernando Martínez; meeting held in his honor on June 22, 2017, ten days after his death at age 78)